Distribuované výpočty pomocou Java RMI

Gespeichert in:
Bibliographische Detailangaben
1. Verfasser: Nagy, Peter, 1986- (Verfasst von)
Weitere Verfasser: Foltin, Martin, 1977- (Betreuung Doktorarbeit)
Format: Manuskript Buch
Sprache:Slowakisch
Veröffentlicht: Bratislava : STU v Bratislave FEI, 2009
Schlagworte:
Tags: Tag hinzufügen
Keine Tags, Fügen Sie das erste Tag hinzu!

MARC

LEADER 00000ntm a22000003a 4500
001 stu190876
005 20210824124056.9
008 090928s2009----xo------------------slo-d
040 |a STU  |b slo 
041 0 |a slo 
044 |a xo 
100 1 |a Nagy, Peter,  |d 1986-  |4 aut  |X 12021  |7 A000012021 
245 1 |a Distribuované výpočty pomocou Java RMI 
260 |a Bratislava :  |b STU v Bratislave FEI,  |c 2009 
300 |a 71 s 
650 7 |a kybernetika  |2 stusub 
650 7 |a výpočty  |2 stusub 
650 7 |a Java  |2 stusub 
700 1 |a Foltin, Martin,  |d 1977-  |4 ths  |u E010  |T FEI Ústav riadenia a priemyselnej informatiky  |X 4956  |U E010  |Y E010  |7 A000004956